000 00311nam a22001217a 4500
008 160526b xxu||||| |||| 00| 0 eng d
020 _a9780323077538
020 _a9780323077538
041 _aeng
080 _a615
245 _aCalculation of drug dosages:
_cSheila J. Ogden; Lind K. Fluharty;
942 _2udc
_cBK
999 _c2433
_d2433